Právo a manažment v zdravotníctve dvojmesačník

Gespeichert in:
Bibliographische Detailangaben
Format: Schriftenreihe
Sprache:Slowakisch
Veröffentlicht: Bratislava Wolters Kluwer SR 2026
Tags: Tag hinzufügen
Keine Tags, Fügen Sie das erste Tag hinzu!

MARC

LEADER 00000nas2a2200000 4500
001 0314665
005 20260202091703.6
022 |a 1338-2071 
041 0 |a slo 
044 |a SK 
245 1 0 |a Právo a manažment v zdravotníctve  |b dvojmesačník 
264 1 |a Bratislava  |b Wolters Kluwer SR  |c 2026 
773 0 |w eu_un_cat*0306824